=LDR 00000nam 2200000 4500 =001 INLIS000000000017801 =005 20130612113020 =008 ***********************************Ind** =035 ##$$0010-061300000017801 =041 ##$$a Ind =082 ##$$a 028.5 =090 ##$$a 028.5, Afi r =100 ##$$a Aififi, Shalah =245 ##$$a Rukun iman, Shalah Afifi =260 ##$$a 2005 $b Jakarta =300 ##$$a 16 hlm, ilus, 20 cm =650 ##$$a Bacaan Anak-anak =850 ##$$a NBPNMAT